Statistics for Guess the country 2

Click here to take the quiz!

General Stats

  • This quiz has been taken 16 times
  • The average score is 5 of 10

Answer Stats

HintCountry% Correct
Which country has a beaver as a national animalCanada
85%
The only coutry that borders israel and Saudi ArabiaJordan
69%
Country with the highest altitude capitalBolivia
62%
Country that has most medal on marathonEthiopia
54%
Another double landlocked country that is on europeLiechtenstein
54%
This country won eurovision song contest in 2019The Netherlands
46%
This country is recognized by 108 countriesKosovo
38%
The only country that has lake with freshwater sharksNicaragua
31%
This Oceanian coutry was not indepindependent untill 1993Palau
31%
Where is Issyk-kul lake in?Kyrgyzstan
15%

Score Distribution

Percentile by Number Answered

Percent of People with Each Score

Your Score History

You have not taken this quiz